| 000 | 00995cam a22002531i 4500 | ||
|---|---|---|---|
| 003 | SA-RiAUC | ||
| 005 | 20251031125639.0 | ||
| 008 | 251030s1985 xx g 00010 ara c | ||
| 040 |
_aSA-JeALM _bara _cSA-RiAUC _erda |
||
| 082 | 0 | 4 |
_a213 _qSA-RiAUC |
| 090 |
_a213 _bج ز ا |
||
| 100 | 1 |
_aالجزائري، أبو بكر جابر، _d1921-2018 _eمؤلف. |
|
| 245 | 1 | 0 |
_aوجاءوا يركضون!!! : _bمهلا يا دعاة الضلالة / _cتأليف أبي بكر جابر الجزائري. |
| 264 | 1 |
_a[مكان النشر غير محدد] : _b[الناشر غير محدد]، _c1985 |
|
| 300 |
_a160 صفحة ؛ _c21 سم. |
||
| 336 |
_aنص _btxt _2rdacontent _3كتاب |
||
| 337 |
_aبدون وسيط _bn _2rdamedia |
||
| 338 |
_aمجلد _bnc _2rdacarrier |
||
| 490 | 0 | _aمن رسائل الدعوة | |
| 650 | 7 |
_aالوعظ والإرشاد _2aucsh |
|
| 650 | 7 |
_aالإسلام والإصلاح _2aucsh |
|
| 942 |
_2ddc _cBOOK _n0 |
||
| 949 |
_aSA-JeALM _d251030 _umohamedma123 _n1 |
||
| 999 |
_c12872 _d12872 |
||